000 00264nam a2200109Ia 4500
008 220630s9999 xx 000 0 und d
020 _a1-59515-991-6
082 _aJ 781.4 ROBE
100 _aROBERTSON, MARVIN
_9156890
245 0 _aHOW WE MAKE MUSIC
942 _cBK
_w561
_xJohn Tresidder
_y561
_zJohn Tresidder
999 _c700250
_d700249